| 000 | 01383nam a2200253 a 4500 | ||
|---|---|---|---|
| 001 | 000005816 | ||
| 003 | DO-SdBNP | ||
| 005 | 20250411112626.0 | ||
| 007 | ta | ||
| 008 | 090824s2009 dr 000 j spa d | ||
| 020 | _a9789945427790 | ||
| 040 |
_aDO-SdBNP _bspa _cBNPHU |
||
| 082 | 4 |
_aRD863.44 _bH344t _22 |
|
| 100 | 1 |
_aHasbún Espinal, Judet _916410 |
|
| 245 | 1 | 3 |
_aEl Trujillo que yo conocí y otros relatos / _cJudet Hasbún Espinal. |
| 260 |
_aSanto Domingo : _bBúho, _c2009. |
||
| 300 |
_a163 p. ; _c22 cm. |
||
| 505 | 0 | _aLos relatos de Judet Hasbún Espinal / Manuel Mora Serrano -- Primera parte. Relatos -- La pavita -- El fusilamiento de Guillermo (Ficción) -- El hijo del viejo -- Cosa de familia (Ficción) -- Segunda parte. Vivencias y reflexiones -- El cuadro paralelo de Velázquez (Fantasía onírica) -- El pintor Guillo Pérez -- El Aleph de Borges (Ficción) -- Sobre la vida y la muerte -- Personajes favoritos de mi adolescencia -- La muerte de Kennedy -- La visita a la luna --Inventos incompresibles -- La mujer de ayer y hoy -- Dos invasiones insensatas -- Tercera parte. Recuerdos de Trujillo -- Los cinco y un invitado -- Advertencia -- El Trujillo que yo conocí. | |
| 590 | _aInventariado, 2019/BT | ||
| 650 | 0 |
_aCuentos dominicanos _9176 |
|
| 650 | 0 |
_aLiteratura dominicana. _967 |
|
| 910 | _aValidado. Control de calidad MFF | ||
| 942 |
_2ddc _cLBS1 |
||
| 999 |
_c5612 _d5612 |
||